[Event "Thessaloniki Vardaris op 8th"]
[Site "Thessaloniki"]
[Date "2025.02.27"]
[Round "1"]
[White "Krallis, Christos"]
[Black "Leftheriotis, Alexandros"]
[Result "1-0"]
[WhiteElo "2383"]
[BlackElo "2171"]
[PlyCount "73"]
[EventDate "2025.02.27"]
[EventType "swiss"]
[EventRounds "7"]
[EventCountry "GRE"]
[SourceTitle "CB10_2025"]
[SourceDate "2025.03.05"]
[SourceVersion "1"]
[SourceVersionDate "2025.03.05"]
[SourceQuality "1"]

1. c4 Nf6 2. Nc3 g6 3. e4 d6 4. g3 Bg7 5. Bg2 c5 6. Nge2 h5 7. h3 Nc6 8. d3 a6 9. a3 Rb8 10. Rb1 Nd4 11. Be3 Nd7 12. b4 b5 13. cxb5 axb5 14. 0-0 0-0 15. Qd2 Ra8 16. Rfc1 Nxe2+ 17. Qxe2 Rxa3 18. Nxb5 Ra4 19. bxc5 dxc5 20. Qc2 Ra5 21. Bd2 Ra6 22. Bc3 Bh6 23. Rf1 e5 24. f4 h4 25. fxe5 Qg5 26. gxh4 Qxh4 27. Nc7 Ra3 28. Nd5 Re8 29. Qb2 Ra4 30. Qb3 Ra6 31. Rxf7 c4 32. Qxc4 Kxf7 33. Rf1+ Kg8 34. Nf6+ Kh8 35. Nxe8 Be3+ 36. Kh1 Nb6 37. Rf8+ 1-0

[Event "Belgrade Trophy 37th"]
[Site "Belgrade"]
[Date "2024.11.29"]
[Round "7"]
[White "Atalik, Suat"]
[Black "Leftheriotis, Alexandros"]
[Result "1-0"]
[WhiteElo "2420"]
[BlackElo "2165"]
[PlyCount "47"]
[EventDate "2024.11.23"]
[EventType "swiss"]
[EventRounds "9"]
[EventCountry "SRB"]
[SourceTitle "CB49_2024"]
[SourceDate "2024.12.04"]
[SourceVersion "1"]
[SourceVersionDate "2024.12.04"]
[SourceQuality "1"]

1. d4 Nf6 2. c4 g6 3. Nc3 Bg7 4. e4 d6 5. Be2 0-0 6. Nf3 e5 7. 0-0 exd4 8. Nxd4 Re8 9. f3 c6 10. Bg5 Qb6 11. Kh1 Qxb2 12. Na4 Qb4 13. Bd2 Qa3 14. Rb1 Na6 15. Bc1 Qxa2 16. Bb2 Nc5 17. Ra1 Nxa4 18. Rxa2 Nxb2 19. Rxb2 Nxe4 20. fxe4 c5 21. Nb5 Bxb2 22. Nc7 Be6 23. Nxa8 Rxa8 24. Qb3 1-0

[Event "GRE-ch rapid"]
[Site "Ioannina"]
[Date "2024.08.18"]
[Round "8"]
[White "Leftheriotis, Alexandros"]
[Black "Dorfanis, Ilarion"]
[Result "1-0"]
[WhiteElo "2045"]
[BlackElo "2065"]
[PlyCount "79"]
[EventDate "2024.08.17"]
[EventType "swiss (rapid)"]
[EventRounds "9"]
[EventCountry "GRE"]
[SourceTitle "CBM 221 Extra"]
[Source "ChessBase"]
[SourceDate "2024.09.30"]
[SourceVersion "1"]
[SourceVersionDate "2024.09.30"]
[SourceQuality "1"]

1. e4 e5 2. Nf3 Nc6 3. Nc3 Nf6 4. Bb5 Nd4 5. 0-0 Nxb5 6. Nxb5 c6 7. Nc3 d6 8. d4 Qc7 9. a4 Be7 10. Re1 0-0 11. h3 Be6 12. Qd3 Rad8 13. a5 Bc8 14. Bg5 h6 15. Bxf6 Bxf6 16. d5 c5 17. Nd2 Bg5 18. Nc4 f5 19. exf5 Bxf5 20. Ne4 Bh4 21. Re2 Bh7 22. c3 Be7 23. b4 cxb4 24. cxb4 Qd7 25. Rc1 Rf4 26. Kh2 Rdf8 27. f3 Rc8 28. Rcc2 Bg6 29. Ne3 Bxe4 30. fxe4 Rcf8 31. Nf5 Kh7 32. g3 Rf1 33. Kg2 Rb1 34. Rc4 Ra1 35. Rec2 Bd8 36. Qc3 Qa4 37. Rc8 Ra2 38. h4 Rxc2+ 39. Qxc2 Qxb4 40. h5 1-0

[Event "GRE-ch rapid"]
[Site "Ioannina"]
[Date "2024.08.18"]
[Round "9"]
[White "Leftheriotis, Alexandros"]
[Black "Ioannidis, Evgenios"]
[Result "1-0"]
[WhiteElo "2045"]
[BlackElo "2405"]
[PlyCount "71"]
[EventDate "2024.08.17"]
[EventType "swiss (rapid)"]
[EventRounds "9"]
[EventCountry "GRE"]
[SourceTitle "CBM 221 Extra"]
[Source "ChessBase"]
[SourceDate "2024.09.30"]
[SourceVersion "1"]
[SourceVersionDate "2024.09.30"]
[SourceQuality "1"]

1. e4 e5 2. Nf3 Nc6 3. Nc3 Nf6 4. Bb5 Nd4 5. 0-0 Nxb5 6. Nxb5 d6 7. c4 Bg4 8. h3 Bh5 9. d4 a6 10. Nc3 exd4 11. Qxd4 Bxf3 12. gxf3 Be7 13. f4 0-0 14. Be3 Nh5 15. Qd5 g6 16. Qxb7 Rb8 17. Qxa6 Qd7 18. Kh2 Bf6 19. Rad1 Rxb2 20. Nd5 Bg7 21. c5 Qe6 22. Qa4 dxc5 23. Bxc5 Nxf4 24. Nxf4 Qe5 25. Be3 Bh6 26. Kg3 g5 27. Rd5 gxf4+ 28. Kf3 Qe6 29. Rg1+ Kh8 30. Bd4+ f6 31. Bxb2 Qxh3+ 32. Ke2 f3+ 33. Kd3 Qh2 34. Bxf6+ Rxf6 35. Rd8+ Bf8 36. Rxf8+ 1-0

[Event "GRE-ch rapid"]
[Site "Ioannina"]
[Date "2024.08.18"]
[Round "7"]
[White "Pitsakis, Ilias"]
[Black "Leftheriotis, Alexandros"]
[Result "0-1"]
[WhiteElo "1804"]
[BlackElo "2045"]
[PlyCount "62"]
[EventDate "2024.08.17"]
[EventType "swiss (rapid)"]
[EventRounds "9"]
[EventCountry "GRE"]
[SourceTitle "CBM 221 Extra"]
[Source "ChessBase"]
[SourceDate "2024.09.30"]
[SourceVersion "1"]
[SourceVersionDate "2024.09.30"]
[SourceQuality "1"]

1. d4 d6 2. Nf3 Nf6 3. g3 g6 4. Bg2 Bg7 5. 0-0 0-0 6. a4 c6 7. a5 Qc7 8. c4 Nbd7 9. Nc3 e5 10. e4 Re8 11. Re1 exd4 12. Nxd4 h6 13. Qc2 Nc5 14. h3 Nfd7 15. Be3 Ne5 16. b3 Qe7 17. Rad1 Qc7 18. Ra1 Qe7 19. Rad1 Qc7 20. f4 Ned7 21. b4 Na6 22. Qb2 Rb8 23. Qa3 Nf8 24. Nc2 Ra8 25. Nd4 Ne6 26. Nf3 b6 27. axb6 Qb7 28. bxa7 Nxb4 29. Rb1 c5 30. Nd5 Rxa7 31. Qc3 Bxc3 0-1

[Event "Paphos op 2nd"]
[Site "Paphos"]
[Date "2024.05.02"]
[Round "9"]
[White "Leftheriotis, Alexandros"]
[Black "Jirasek, Pavel"]
[Result "1-0"]
[WhiteElo "2062"]
[BlackElo "2293"]
[PlyCount "59"]
[EventDate "2024.04.26"]
[EventType "swiss"]
[EventRounds "9"]
[EventCountry "CYP"]
[SourceTitle "CBM 220 Extra"]
[Source "ChessBase"]
[SourceDate "2024.07.31"]
[SourceVersion "1"]
[SourceVersionDate "2024.07.31"]
[SourceQuality "1"]

1. e4 e5 2. Nf3 Nc6 3. Bb5 a6 4. Ba4 Nf6 5. d3 b5 6. Bb3 Bc5 7. Bg5 h6 8. Bh4 g5 9. Bg3 d6 10. c3 Bb6 11. a4 Rb8 12. Nbd2 Nh5 13. Nxe5 Nxg3 14. Nxc6 Qf6 15. d4 Nxh1 16. Qe2 Ra8 17. 0-0-0 0-0 18. Rxh1 Bd7 19. Bd5 bxa4 20. h4 gxh4 21. Qe3 Be6 22. e5 dxe5 23. Nxe5 a3 24. Ne4 axb2+ 25. Kxb2 Qxe5 26. Qxh6 Rab8 27. Kc1 Bxd4 28. cxd4 Rb1+ 29. Kxb1 Qf5 30. Kc1 1-0

[Event "Paphos op 2nd"]
[Site "Paphos"]
[Date "2024.04.27"]
[Round "3"]
[White "Leftheriotis, Alexandros"]
[Black "Mastrovasilis, Athanasios"]
[Result "1/2-1/2"]
[WhiteElo "2062"]
[BlackElo "2472"]
[PlyCount "100"]
[EventDate "2024.04.26"]
[EventType "swiss"]
[EventRounds "9"]
[EventCountry "CYP"]
[SourceTitle "CBM 220 Extra"]
[Source "ChessBase"]
[SourceDate "2024.07.31"]
[SourceVersion "1"]
[SourceVersionDate "2024.07.31"]
[SourceQuality "1"]

1. e4 c6 2. d4 d5 3. e5 c5 4. dxc5 e6 5. Bd3 Bxc5 6. Qg4 Ne7 7. Nf3 Nbc6 8. Qxg7 Rg8 9. Qxh7 Rxg2 10. Nc3 Qb6 11. Bd2 Nd4 12. Nh4 Rg4 13. 0-0-0 Bd7 14. Rhg1 Rxh4 15. Qxh4 0-0-0 16. Qh5 Be8 17. Be3 f6 18. Qh8 fxe5 19. Qxe5 Nf3 20. Bxc5 Qxc5 21. Qxe6+ Bd7 22. Qf6 Nxg1 23. Rxg1 Nc6 24. Rg5 Rf8 25. Rxd5 Rxf6 26. Rxc5 Rxf2 27. Rh5 Nb4 28. Be4 Bc6 29. Bf5+ Bd7 30. Bd3 Nxd3+ 31. cxd3 Bf5 32. Ne4 Bxe4 33. dxe4 Re2 34. Rh4 Kc7 35. h3 a5 36. Rf4 Rh2 37. h4 b6 38. e5 Re2 39. Rf5 Kc6 40. h5 Kd5 41. h6 Rh2 42. e6+ Kxe6 43. Rb5 Kd6 44. Rxb6+ Kc5 45. Rg6 Kc4 46. b3+ Kc3 47. Rc6+ Kb4 48. Rb6+ Kc3 49. Rc6+ Kb4 50. Rb6+ Kc3 1/2-1/2

[Event "Dimitrovgrad Caribrod op"]
[Site "Dimitrovgrad"]
[Date "2024.03.31"]
[Round "7"]
[White "Leftheriotis, Alexandros"]
[Black "Ivanovic, Leonid"]
[Result "1-0"]
[WhiteElo "2071"]
[BlackElo "1991"]
[PlyCount "73"]
[EventDate "2024.03.29"]
[EventType "swiss"]
[EventRounds "7"]
[EventCountry "SRB"]
[SourceTitle "CBM 219 Extra"]
[Source "ChessBase"]
[SourceDate "2024.05.31"]
[SourceVersion "1"]
[SourceVersionDate "2024.05.31"]
[SourceQuality "1"]

1. e4 c5 2. Nf3 Nc6 3. d4 cxd4 4. Nxd4 g6 5. Nc3 Bg7 6. Be3 d6 7. Qd2 Nf6 8. Nb3 0-0 9. f3 Bd7 10. 0-0-0 Rc8 11. Kb1 h5 12. h3 a6 13. g4 b5 14. gxh5 Nxh5 15. Nd5 Be6 16. Bh6 f5 17. Rg1 Ne5 18. Nd4 Bxd5 19. exd5 f4 20. Bxg7 Nxg7 21. Bd3 Rf6 22. h4 Qb6 23. Be4 Nh5 24. Rg5 Ng3 25. h5 Nxe4 26. fxe4 f3 27. Qf2 Kf7 28. hxg6+ Nxg6 29. Rf5 Rxf5 30. exf5 Ne5 31. Qh4 Ke8 32. f6 exf6 33. Qh8+ Ke7 34. Qxc8 f2 35. Qe6+ Kd8 36. Qxf6+ Kc7 37. Qxf2 1-0

[Event "Dimitrovgrad Caribrod op"]
[Site "Dimitrovgrad"]
[Date "2024.03.31"]
[Round "5"]
[White "Leftheriotis, Alexandros"]
[Black "Mihov, Filip"]
[Result "1-0"]
[WhiteElo "2071"]
[BlackElo "2238"]
[PlyCount "55"]
[EventDate "2024.03.29"]
[EventType "swiss"]
[EventRounds "7"]
[EventCountry "SRB"]
[SourceTitle "CBM 219 Extra"]
[Source "ChessBase"]
[SourceDate "2024.05.31"]
[SourceVersion "1"]
[SourceVersionDate "2024.05.31"]
[SourceQuality "1"]

1. e4 c6 2. d4 d5 3. e5 Bf5 4. h4 h5 5. Bd3 Bxd3 6. Qxd3 Qa5+ 7. Nd2 e6 8. Ngf3 Nh6 9. 0-0 Nf5 10. c4 Be7 11. b3 Nxh4 12. Nxh4 Bxh4 13. a4 Be7 14. c5 b6 15. b4 Qxb4 16. Ba3 Qa5 17. cxb6 axb6 18. Bxe7 Kxe7 19. Qa3+ c5 20. Rfb1 Nd7 21. Nf3 Rhc8 22. Qc1 g6 23. Ng5 c4 24. Qa3+ Ke8 25. Qf3 Kd8 26. Qxf7 Kc7 27. Nxe6+ Kc6 28. Qe7 1-0

[Event "Dimitrovgrad Caribrod op"]
[Site "Dimitrovgrad"]
[Date "2024.03.30"]
[Round "4"]
[White "Leftheriotis, Alexandros"]
[Black "Brankovic, Dejan"]
[Result "1-0"]
[WhiteElo "2071"]
[BlackElo "2251"]
[PlyCount "115"]
[EventDate "2024.03.29"]
[EventType "swiss"]
[EventRounds "7"]
[EventCountry "SRB"]
[SourceTitle "CBM 219 Extra"]
[Source "ChessBase"]
[SourceDate "2024.05.31"]
[SourceVersion "1"]
[SourceVersionDate "2024.05.31"]
[SourceQuality "1"]

1. e4 c5 2. Nf3 g6 3. d4 cxd4 4. Nxd4 Bg7 5. Nc3 Nc6 6. Be3 Nf6 7. Nb3 0-0 8. Qd2 d6 9. f3 Be6 10. 0-0-0 Rc8 11. Kb1 a6 12. h4 h5 13. Be2 Ne5 14. Nd4 Bc4 15. f4 Bxe2 16. fxe5 dxe5 17. Ndxe2 Qxd2 18. Rxd2 Rfd8 19. Rhd1 Rxd2 20. Rxd2 Kf8 21. Bg5 Ke8 22. a4 Ng4 23. Rd5 f6 24. Bc1 Bf8 25. b3 e6 26. Rd3 Bc5 27. Ka2 Bd4 28. Bd2 Bf2 29. g3 f5 30. Kb2 Bc5 31. Bg5 Nf2 32. Rf3 Ng4 33. Rf1 Bb4 34. Na2 Bc5 35. b4 Ba7 36. Nac3 Nf2 37. Bf6 Ng4 38. Bg5 Nf2 39. Kb3 Rc7 40. Bd2 Rd7 41. Bg5 fxe4 42. Bf6 Rf7 43. Bxe5 Rf3 44. Bd4 Bxd4 45. Nxd4 Rf6 46. Nd1 e5 47. Rxf2 Rd6 48. Nc3 e3 49. Re2 exd4 50. Nd1 Kf7 51. c3 dxc3 52. Nxe3 Rd3 53. Kc2 Rd4 54. Kxc3 Re4 55. Rf2+ Ke6 56. Ng2 b5 57. axb5 axb5 58. Re2 1-0

[Event "Thessaloniki Vardaris op 7th"]
[Site "Thessaloniki"]
[Date "2024.03.17"]
[Round "6"]
[White "Giannopoulos, Iasonas"]
[Black "Leftheriotis, Alexandros"]
[Result "0-1"]
[WhiteElo "1862"]
[BlackElo "2071"]
[PlyCount "76"]
[EventDate "2024.03.14"]
[EventType "swiss"]
[EventRounds "7"]
[EventCountry "GRE"]
[SourceTitle "CBM 219 Extra"]
[Source "ChessBase"]
[SourceDate "2024.05.31"]
[SourceVersion "1"]
[SourceVersionDate "2024.05.31"]
[SourceQuality "1"]

1. e4 e5 2. Nf3 Nc6 3. Bb5 a6 4. Ba4 d6 5. c3 Bd7 6. 0-0 g6 7. d4 Bg7 8. dxe5 Nxe5 9. Nxe5 dxe5 10. Bg5 f6 11. Be3 Ne7 12. Bxd7+ Qxd7 13. Qb3 0-0-0 14. Nd2 f5 15. Rfd1 Qc6 16. Qf7 Bf6 17. f3 Rhf8 18. Qb3 Rd3 19. Nc4 Rxe3 20. Nxe3 Qc5 21. Rd3 f4 22. Qe6+ Kb8 23. b4 Qa7 24. Rad1 Nc8 25. c4 fxe3 26. c5 a5 27. a3 axb4 28. axb4 Qa4 29. Qc4 Bg5 30. Qb3 Qxb3 31. Rxb3 b5 32. Kf1 Na7 33. Rd5 Nc6 34. Ke1 Nd4 35. Rb2 Bh4+ 36. g3 Nxf3+ 37. Ke2 Nd4+ 38. Ke1 Bg5 0-1

[Event "Thessaloniki White Tower op-A 44th"]
[Site "Thessaloniki"]
[Date "2024.01.07"]
[Round "8"]
[White "Patrelakis, Evaggelos"]
[Black "Leftheriotis, Alexandros"]
[Result "1/2-1/2"]
[WhiteElo "2425"]
[BlackElo "2028"]
[PlyCount "85"]
[EventDate "2024.01.02"]
[EventType "swiss"]
[EventRounds "9"]
[EventCountry "GRE"]
[SourceTitle "CBM 218 Extra"]
[Source "ChessBase"]
[SourceDate "2024.03.31"]
[SourceVersion "1"]
[SourceVersionDate "2024.03.31"]
[SourceQuality "1"]

1. e4 c5 2. Nf3 d6 3. d4 cxd4 4. Nxd4 Nf6 5. Nc3 a6 6. h3 Nc6 7. Be3 e5 8. Nb3 Be6 9. Qf3 Rc8 10. 0-0-0 Na5 11. Kb1 Rxc3 12. bxc3 Be7 13. Bc1 0-0 14. Bb2 Qc7 15. g4 Rc8 16. g5 Nd7 17. h4 Nc5 18. Bh3 Nc4 19. Bc1 a5 20. Nxc5 Qxc5 21. Bxe6 fxe6 22. Qg4 Qb5+ 23. Ka1 Qd7 24. Rh3 Rc6 25. Rf3 Rb6 26. Rd5 Bf8 27. Be3 Rb2 28. Rxa5 Nxa5 29. Rxf8+ Kxf8 30. Kxb2 Qb5+ 31. Kc1 Qf1+ 32. Qd1 Qxd1+ 33. Kxd1 Nc4 34. Ke2 Kf7 35. h5 d5 36. f3 b5 37. Bc5 g6 38. h6 Ke8 39. Kd3 Kd7 40. Bf8 Nb2+ 41. Ke2 dxe4 42. fxe4 Nc4 43. Kd3 1/2-1/2

[Event "Skopje op-A"]
[Site "Skopje"]
[Date "2023.12.12"]
[Round "9"]
[White "Leftheriotis, Alexandros"]
[Black "Engin, Onur Cinar"]
[Result "1-0"]
[WhiteElo "2007"]
[BlackElo "2092"]
[PlyCount "113"]
[EventDate "2023.12.06"]
[EventType "swiss"]
[EventRounds "9"]
[EventCountry "MKD"]
[SourceTitle "EXT 2025"]
[Source "ChessBase"]
[SourceDate "2024.10.14"]
[SourceVersion "1"]
[SourceVersionDate "2024.10.14"]
[SourceQuality "1"]

1. e4 e6 2. d4 d5 3. Nc3 Nf6 4. Bg5 Bb4 5. e5 h6 6. Bd2 Bxc3 7. bxc3 Ne4 8. Bc1 c5 9. Ne2 Qa5 10. f3 Ng5 11. h4 Nh7 12. Bd2 Nc6 13. Nf4 cxd4 14. cxd4 Qa4 15. c3 Qxd1+ 16. Rxd1 Na5 17. Bd3 Bd7 18. Nh5 0-0 19. Bxh6 gxh6 20. Bxh7+ Kxh7 21. Nf6+ Kg6 22. Nxd7 Rfc8 23. Rd3 Rc7 24. Nf6 Rac8 25. Rh3 Rxc3 26. Rxc3 Rxc3 27. Rg3+ Kf5 28. Rg4 Nc6 29. Nh5 Nxd4 30. Rxd4 Kxe5 31. Rd2 b5 32. Ke2 a5 33. g3 b4 34. Nf4 d4 35. Nd3+ Kd5 36. Nf4+ Kc4 37. Nd3 f6 38. Nb2+ Kd5 39. Rd3 e5 40. Nd1 Rxd3 41. Kxd3 f5 42. Nb2 h5 43. Na4 e4+ 44. Ke2 Kc4 45. Kd2 e3+ 46. Ke2 b3 47. a3 b2 48. Nxb2+ Kb3 49. Nd3 Kxa3 50. g4 hxg4 51. fxg4 fxg4 52. h5 g3 53. Ne1 Kb3 54. h6 Kc3 55. h7 d3+ 56. Nxd3 g2 57. h8Q+ 1-0

[Event "Skopje op-A"]
[Site "Skopje"]
[Date "2023.12.08"]
[Round "4"]
[White "Kuzmanoski, Oliver"]
[Black "Leftheriotis, Alexandros"]
[Result "0-1"]
[WhiteElo "1595"]
[BlackElo "2007"]
[PlyCount "54"]
[EventDate "2023.12.06"]
[EventType "swiss"]
[EventRounds "9"]
[EventCountry "MKD"]
[SourceTitle "CBM 217 Extra"]
[Source "ChessBase"]
[SourceDate "2024.01.31"]
[SourceVersion "1"]
[SourceVersionDate "2024.01.31"]
[SourceQuality "1"]

1. e4 c5 2. Nf3 d6 3. Bc4 Nf6 4. d3 Bg4 5. Be3 e6 6. Nbd2 Nc6 7. c3 Be7 8. h3 Bh5 9. Qb3 a6 10. a4 d5 11. Qc2 dxc4 12. Nxc4 Bxf3 13. gxf3 b5 14. Nd2 Nh5 15. Rg1 g6 16. f4 e5 17. fxe5 Nxe5 18. Ke2 c4 19. d4 Nd3 20. Rh1 0-0 21. b3 Qc7 22. bxc4 bxc4 23. Nf3 f5 24. e5 Qc6 25. Nd2 f4 26. Raf1 fxe3 27. fxe3 Ng3+ 0-1

[Event "Thessaloniki SKG op 3rd"]
[Site "Thessaloniki"]
[Date "2023.08.06"]
[Round "2"]
[White "Leftheriotis, Alexandros"]
[Black "Zhao, Chenxi"]
[Result "0-1"]
[WhiteElo "2061"]
[BlackElo "2410"]
[PlyCount "140"]
[EventDate "2023.08.05"]
[EventType "swiss"]
[EventRounds "9"]
[EventCountry "GRE"]
[SourceTitle "CBM 215 Extra"]
[Source "ChessBase"]
[SourceDate "2023.09.30"]
[SourceVersion "1"]
[SourceVersionDate "2023.09.30"]
[SourceQuality "1"]

1. e4 c5 2. Nf3 e6 3. d4 cxd4 4. Nxd4 Nc6 5. Nc3 a6 6. Nxc6 bxc6 7. Bd3 d5 8. 0-0 Nf6 9. Qf3 Be7 10. e5 Nd7 11. Qg3 g6 12. Bh6 Qb6 13. Ne2 Qxb2 14. c3 Qb8 15. f4 Bf8 16. Bxf8 Kxf8 17. Nd4 Qc7 18. Rae1 Nc5 19. Bc2 Bd7 20. Qh4 Qd8 21. Qh6+ Kg8 22. f5 Qf8 23. Qg5 h6 24. Qg3 exf5 25. Bxf5 Bxf5 26. Nxf5 Ne4 27. Rxe4 dxe4 28. Nd6 Rh7 29. Nxe4 Qe7 30. Nf6+ Kg7 31. Nxh7 Kxh7 32. Qf3 Ra7 33. Qxc6 Qxe5 34. Qf6 Qa5 35. Rb1 Rd7 36. h3 Qc5+ 37. Kh1 a5 38. a4 h5 39. Re1 Qc7 40. Qe5 Qd8 41. Re4 Rd1+ 42. Kh2 Rd5 43. Qg3 Qd7 44. Qb8 Qc6 45. Rf4 Kg7 46. c4 Rd7 47. Qe5+ f6 48. Qe3 Qxa4 49. Re4 Qb4 50. h4 Qb8+ 51. g3 Qb2+ 52. Kh3 Qb7 53. c5 f5 54. c6 Qxc6 55. Re7+ Kf8 56. Re8+ Kf7 57. Kh2 Rb7 58. Rd8 Rb2+ 59. Rd2 Rxd2+ 60. Qxd2 a4 61. Qa2+ Ke7 62. Qa3+ Kd7 63. Qf8 Kc7 64. Qe7+ Kb6 65. Qd8+ Kb5 66. Qd3+ Kb4 67. Qd4+ Kb3 68. Qd3+ Qc3 69. Qd5+ Kb2 70. Qb5+ Qb3 0-1

[Event "Thessaloniki White Tower op-A 43rd"]
[Site "Thessaloniki"]
[Date "2023.01.03"]
[Round "2"]
[White "Trimitzios, Petros"]
[Black "Leftheriotis, Alexandros"]
[Result "0-1"]
[WhiteElo "2362"]
[BlackElo "2051"]
[PlyCount "106"]
[EventDate "2023.01.02"]
[EventType "swiss"]
[EventRounds "9"]
[EventCountry "GRE"]
[SourceTitle "CBM 212 Extra"]
[Source "ChessBase"]
[SourceDate "2023.03.31"]
[SourceVersion "1"]
[SourceVersionDate "2023.03.31"]
[SourceQuality "1"]

1. Nf3 Nf6 2. g3 g6 3. b3 Bg7 4. Bb2 0-0 5. Bg2 d5 6. c4 dxc4 7. bxc4 c5 8. 0-0 Nc6 9. d3 Qc7 10. Nc3 Rd8 11. Qd2 Bg4 12. Qg5 Nd4 13. Nxd4 cxd4 14. Nd5 Nxd5 15. Qxg4 Nc3 16. Rfc1 Rab8 17. a4 Qa5 18. Qf3 a6 19. e3 Qb6 20. Bxc3 dxc3 21. Rab1 Qa5 22. Qd1 b5 23. axb5 axb5 24. c5 b4 25. c6 e5 26. Qb3 Qc5 27. Be4 Bf8 28. Ra1 Kg7 29. g4 Qb6 30. Ra4 Bc5 31. Rca1 Qc7 32. Ra5 Qd6 33. Qc4 Bb6 34. Rd5 Qe7 35. Rb5 Bc7 36. Rb7 Rxb7 37. cxb7 Bd6 38. Ra8 Rb8 39. Rxb8 Bxb8 40. Kf1 Qc7 41. Ke2 b3 42. Qxc7 Bxc7 43. Kd1 Bd6 44. g5 c2+ 45. Kd2 Bb4+ 46. Ke2 b2 47. b8Q b1Q 48. Qxe5+ Kg8 49. Kf3 c1Q 50. Bd5 Qh1+ 51. Kg3 Qbg1+ 52. Kh3 Qf1+ 53. Kg4 Qhg1+ 0-1

[Event "Sitges Sunway op 9th"]
[Site "Sitges"]
[Date "2022.12.19"]
[Round "7"]
[White "Uber Gracia, Hugo"]
[Black "Leftheriotis, Alexandros"]
[Result "1-0"]
[WhiteElo "1931"]
[BlackElo "2143"]
[PlyCount "89"]
[EventDate "2022.12.12"]
[EventType "swiss"]
[EventRounds "10"]
[EventCountry "ESP"]
[SourceTitle "CBM 211 Extra"]
[Source "ChessBase"]
[SourceDate "2023.01.31"]
[SourceVersion "1"]
[SourceVersionDate "2023.01.31"]
[SourceQuality "1"]

1. e4 c5 2. Nf3 d6 3. d4 cxd4 4. Qxd4 Nc6 5. Qe3 g6 6. Be2 Bg7 7. 0-0 Nf6 8. Rd1 0-0 9. h3 b6 10. c4 Bb7 11. Nc3 Nd7 12. Rb1 Nc5 13. b4 Nd7 14. a3 Rc8 15. Nd5 Nce5 16. Nxe5 Nxe5 17. c5 e6 18. Nc3 d5 19. Nb5 bxc5 20. bxc5 Ba6 21. Nd6 Rxc5 22. Qxc5 Bxe2 23. Rd2 Nf3+ 24. Kh1 Nxd2 25. Bxd2 dxe4 26. Ba5 Qh4 27. Bd2 Rd8 28. Bg5 Qh5 29. Nxe4 Bd3 30. Ng3 Bf8 31. Qe3 Bxb1 32. Nxh5 Rd1+ 33. Kh2 gxh5 34. Bf4 a6 35. Qb3 Rf1 36. Qb8 Kg7 37. Be5+ f6 38. Bxf6+ Kf7 39. Qf4 Bf5 40. Bd4 Ke8 41. Qb8+ Kf7 42. Qb7+ Kg6 43. Qxa6 Rd1 44. Be5 Bc5 45. Qc8 1-0

[Event "Skopje op"]
[Site "Skopje"]
[Date "2022.10.22"]
[Round "3"]
[White "Leftheriotis, Alexandros"]
[Black "Arnaudov, Petar G"]
[Result "1-0"]
[WhiteElo "2072"]
[BlackElo "2472"]
[PlyCount "115"]
[EventDate "2022.10.21"]
[EventType "swiss"]
[EventRounds "9"]
[EventCountry "MKD"]
[SourceTitle "EXT 2024"]
[Source "ChessBase"]
[SourceDate "2023.10.10"]
[SourceVersion "1"]
[SourceVersionDate "2023.10.10"]
[SourceQuality "1"]

1. e4 g6 2. d4 Bg7 3. Nc3 c6 4. Nf3 d5 5. e5 Nh6 6. h3 0-0 7. Bf4 f6 8. Qd2 Nf7 9. 0-0-0 fxe5 10. Nxe5 Nd7 11. Nxd7 Bxd7 12. Re1 e6 13. h4 Qf6 14. Be3 e5 15. dxe5 Nxe5 16. f3 Nf7 17. h5 gxh5 18. Rxh5 Bf5 19. Rd1 Bg6 20. Rh1 Rad8 21. Bd4 Ne5 22. Kb1 Qd6 23. Qf2 b6 24. Qh4 Rf5 25. Qg3 c5 26. Be3 d4 27. Ne4 Qe6 28. Bg5 Rd7 29. Bb5 Rf8 30. Rhe1 Rdf7 31. f4 a6 32. Bf1 Qc6 33. fxe5 Bxe4 34. e6 Rf2 35. e7 Bxc2+ 36. Ka1 Bxd1 37. Bc4+ Kh8 38. exf8Q+ Rxf8 39. Rxd1 b5 40. Be2 c4 41. Bf3 Qg6 42. Bf4 Qf6 43. Bc1 d3 44. Qg5 Qd4 45. Qe3 Qf6 46. Qg5 Qd4 47. Qe3 Qh4 48. Bd2 Qg3 49. Rh1 Qe5 50. Qxe5 Bxe5 51. Bc3 Bxc3 52. bxc3 b4 53. Kb2 a5 54. Rh5 b3 55. a4 Re8 56. Rxa5 Re1 57. Rc5 d2 58. Rd5 1-0

[Event "Skopje op"]
[Site "Skopje"]
[Date "2022.10.22"]
[Round "2"]
[White "Minovski, Blagoja"]
[Black "Leftheriotis, Alexandros"]
[Result "0-1"]
[WhiteElo "1228"]
[BlackElo "2072"]
[PlyCount "106"]
[EventDate "2022.10.21"]
[EventType "swiss"]
[EventRounds "9"]
[EventCountry "MKD"]
[SourceTitle "EXT 2024"]
[Source "ChessBase"]
[SourceDate "2023.10.10"]
[SourceVersion "1"]
[SourceVersionDate "2023.10.10"]
[SourceQuality "1"]

1. e4 Nf6 2. Nc3 d5 3. e5 Nfd7 4. d4 c5 5. Nf3 cxd4 6. Qxd4 e6 7. Bb5 Nc6 8. Qe3 a6 9. Ba4 Nc5 10. Bxc6+ bxc6 11. Qf4 Be7 12. Qg4 g6 13. 0-0 h5 14. Qd4 Nd7 15. h4 c5 16. Qf4 Bb7 17. Qg3 d4 18. Ne2 Bxf3 19. Qxf3 Nxe5 20. Qe4 Ng4 21. Qc6+ Kf8 22. Nf4 Kg7 23. Re1 Qc8 24. Qe4 Bxh4 25. f3 Nf6 26. Qe5 Bxe1 27. Qxe1 Qc7 28. c3 e5 29. Nd3 Rhe8 30. Qd2 c4 31. Qh6+ Kg8 32. Nf2 Qc5 33. g4 hxg4 34. Nxg4 Nxg4 35. fxg4 dxc3+ 36. Be3 cxb2 37. Rb1 Qf8 38. Qh2 c3 39. Kf2 Qg7 40. Kg3 Rac8 41. Qc2 Red8 42. a3 e4 43. a4 Qe5+ 44. Bf4 Rd3+ 45. Qxd3 Qxf4+ 46. Kxf4 exd3 47. Ke3 c2 48. Rxb2 c1Q+ 49. Rd2 Rc2 50. g5 Qxd2+ 51. Kf3 Qe2+ 52. Kg3 Qe3+ 53. Kg4 Rc4# 0-1

[Event "GRE-chT 49th"]
[Site "Thessaloniki"]
[Date "2022.08.13"]
[Round "3.6"]
[White "Leftheriotis, Alexandros"]
[Black "Mitsis, Georgios"]
[Result "0-1"]
[WhiteElo "1902"]
[BlackElo "2334"]
[PlyCount "60"]
[EventDate "2022.08.12"]
[EventType "team-swiss"]
[EventRounds "7"]
[EventCountry "GRE"]
[SourceTitle "CBM 209 Extra"]
[Source "ChessBase"]
[SourceDate "2022.09.30"]
[SourceVersion "1"]
[SourceVersionDate "2022.09.30"]
[SourceQuality "1"]
[WhiteTeam "Kerkeras"]
[BlackTeam "Panionios YS"]
[WhiteTeamCountry "GRE"]
[BlackTeamCountry "GRE"]

1. e4 e5 2. Nf3 Nc6 3. Bc4 Nf6 4. d3 Be7 5. 0-0 0-0 6. Re1 d6 7. a4 Kh8 8. c3 Ng8 9. b4 a6 10. Qb3 f5 11. Nbd2 Bf6 12. Bb2 Nge7 13. Be6 fxe4 14. dxe4 Ng6 15. g3 Qe8 16. Bxc8 Qxc8 17. b5 Nd8 18. Ba3 Be7 19. Re3 Qg4 20. Rc1 Ne6 21. c4 Ngf4 22. Kh1 Nh3 23. Rf1 axb5 24. axb5 b6 25. Bb4 Rf7 26. Bc3 Raf8 27. Bb2 Bg5 28. Nxg5 Nxf2+ 29. Rxf2 Rxf2 30. Ngf3 Qh3 0-1